000 00967nam a2200229Ia 4500
001 15439
005 20260406154621.0
008 260306t2020||||xx |||||||||||||| ||und||
041 _aESP
082 _a540
_bCH518 2020
100 _aChang, Raymond
_eAUT
245 0 _aQuímica
260 _c2020
300 _avarias paginaciones :
_c27 cm.
650 _aGEN
654 _aCCN
856 _uhttps://itmsp.museknowledge.com/UCSP?url=https://www.ebooks7-24.com:443/?il=10863&pg=1
_zVersión digital
856 _uhttps://0u213vbxj-y-https-ebooks7--24-com.itmsp.museknowledge.com/biblioteca.aspx
_zVéase además: Base de datos Ebook7-24
856 _uhttps://0u20fvbxx-y-https-research-ebsco-com.itmsp.museknowledge.com/c/qxo6us/search
_zVéase además: Base de datos EBSCOhost
856 _uhttps://0u216vc1g-y-https-accessmedicina-mhmedical-com.itmsp.museknowledge.com/
_zVéase además: Base de datos McGraw Hill Access Medicina
942 _cLIB
_dJUS
_fJUS
_2ddc
999 _c15439
_d15439